000
00176nam a22000857a 4500
001
1233373
005
20250924131419.0
245
_a
YALANCI DÜNYA
_c
ORHAN KEMAL
260
_b
EVEREST
999
_c
1233373
_d
1233373